000 00798nam a22002413 4500
001 199500
010 _a972-95897-4-7
021 _aPT
_b137026/99
090 _a199500
100 _a20251212d u||y0pory50 ba
200 _aNorte alentejano = Northern Alentejo
_f texto Jos M̌anuel Fernandes
_gfotografia Maurc̕io Abreu
205 _a
210 _aSetb͠al
_cM. Abreu
_d1999
215 _a88 p.
_cfot. ; brochado
_d23
300 _a. - Alto Alentejo : Avis, Portalegre, Campo Maior e Nisa
305 _a. - Ed. bilingue em portugus̊ e ingls̊
606 _94514
_aMonografias Regionais
_xAlentejo
675 _a908(469.5)
_vPT
_zpor
700 _911044
_aFernandes
_bJos M̌anuel
701 _99350
_aAbreu
_bMaurc̕io
_f1954 -
801 _aPT
_bBMMN
_gRPC
830 _cAna
_fAna
990 _cLIVROS